000 00540nam a22001817i 4500
001 3446
003 OSt
005 20170126082318.0
007 tu
008 161220s1995 xxu||||| |||| 00| 0 d
024 7 _a3445
_2RID
040 _cOSt
084 _a10.332
_2z
100 1 _aHunya, Gabor
245 0 0 _aInfrastructure in Central and East European Countries: An Overview
_bFranco-Austria Centre's Workshop, Warsaw, Nov. 1994
260 _aWien :
_bWiener Institut für Internationale Wirtschaftsvergleiche (WIIW),
_c1995.
300 _a23 S. ;
_c30cm.
942 _cB
999 _c3396
_d3396